แนวทางการปฏิรูปกฎหมายยาเสพติด : (ระเบียนเลขที่ 94578)
| 000 -LEADER | |
|---|---|
| fixed length control field | 02202nam a22003137a 4500 |
| 003 - CONTROL NUMBER IDENTIFIER | |
| control field | NALT |
| 005 - DATE AND TIME OF LATEST TRANSACTION | |
| control field | 20250723150820.0 |
| 008 - FIXED-LENGTH DATA ELEMENTS--GENERAL INFORMATION | |
| fixed length control field | 180402b th ||||| |||| 00| 0 tha d |
| 020 ## - INTERNATIONAL STANDARD BOOK NUMBER | |
| International Standard Book Number | 9786162713743 |
| 040 ## - CATALOGING SOURCE | |
| Original cataloging agency | NALT |
| 090 ## - LOCALLY ASSIGNED LC-TYPE CALL NUMBER (OCLC); LOCAL CALL NUMBER (RLIN) | |
| Classification number (OCLC) (R) ; Classification number, CALL (RLIN) (NR) | KP 96 |
| Local cutter number (OCLC) ; Book number/undivided call number, CALL (RLIN) | พ997น 2560 |
| 100 0# - MAIN ENTRY--PERSONAL NAME | |
| Personal name | ไพศาล ลิ้มสถิตย์ |
| 9 (RLIN) | 26857 |
| 245 10 - TITLE STATEMENT | |
| Title | แนวทางการปฏิรูปกฎหมายยาเสพติด : |
| Remainder of title | กรณีศึกษาเปรียบเทียบ การจัดการพืชกระท่อมของไทยและต่างประเทศ / |
| Statement of responsibility, etc. | โดย ไพศาล ลิ้มสถิตย์. |
| 260 ## - PUBLICATION, DISTRIBUTION, ETC. | |
| Place of publication, distribution, etc. | สงขลา : |
| Name of publisher, distributor, etc. | แผนงานภาคีวิชาการสารเสพติด (ภวส), |
| Date of publication, distribution, etc. | 2560. |
| 300 ## - PHYSICAL DESCRIPTION | |
| Extent | 193 หน้า : |
| Other physical details | ภาพประกอบ, แผนภูมิ, ตาราง ; |
| Dimensions | 26 ซม. |
| 650 #4 - SUBJECT ADDED ENTRY--TOPICAL TERM | |
| 9 (RLIN) | 10262 |
| Topical term or geographic name entry element | กฎหมายยาเสพติด |
| General subdivision | วิจัย |
| 650 #4 - SUBJECT ADDED ENTRY--TOPICAL TERM | |
| Topical term or geographic name entry element | กฎหมายยาเสพติด |
| 9 (RLIN) | 10257 |
| 650 #4 - SUBJECT ADDED ENTRY--TOPICAL TERM | |
| 9 (RLIN) | 27738 |
| Topical term or geographic name entry element | กระท่อม (พืช) |
| General subdivision | การจัดการ |
| -- | วิจัย |
| 650 #4 - SUBJECT ADDED ENTRY--TOPICAL TERM | |
| 9 (RLIN) | 10259 |
| Topical term or geographic name entry element | กฎหมายยาเสพติด |
| Geographic subdivision | สหรัฐอเมริกา |
| 650 #4 - SUBJECT ADDED ENTRY--TOPICAL TERM | |
| 9 (RLIN) | 27739 |
| Topical term or geographic name entry element | กฎหมายยาเสพติด |
| Geographic subdivision | มาเลเซีย |
| 650 #4 - SUBJECT ADDED ENTRY--TOPICAL TERM | |
| 9 (RLIN) | 27740 |
| Topical term or geographic name entry element | กฎหมายยาเสพติด |
| Geographic subdivision | ออสเตรเลีย |
| 650 #4 - SUBJECT ADDED ENTRY--TOPICAL TERM | |
| 9 (RLIN) | 27741 |
| Topical term or geographic name entry element | กฎหมายยาเสพติด |
| Geographic subdivision | นิวซีแลนด์ |
| 710 2# - ADDED ENTRY--CORPORATE NAME | |
| 9 (RLIN) | 27744 |
| Corporate name or jurisdiction name as entry element | สำนักงานกองทุนสนับสนุนการสร้างเสริมสุขภาพ. |
| Subordinate unit | แผนงานภาคีวิชาการสารเสพติด (ภวส) |
| 710 2# - ADDED ENTRY--CORPORATE NAME | |
| 9 (RLIN) | 27745 |
| Corporate name or jurisdiction name as entry element | มหาวิทยาลัยสงขลานครินทร์. |
| Subordinate unit | คณะแพทยศาสตร์. |
| -- | หน่วยระบาดวิทยา |
| 850 ## - HOLDING INSTITUTION | |
| Holding institution | NALT |
| 942 ## - ADDED ENTRY ELEMENTS (KOHA) | |
| Koha item type | Research/Thesis |
| Source of classification or shelving scheme | Local Classification |
| 998 ## - STAFF NAME (NALT) | |
| -- | 8 |
| -- | นายบัณฑิต อุทาวงค์ |
| Withdrawn status | Lost status | Source of classification or shelving scheme | Damaged status | Not for loan | Collection code | Home library | Current library | Date acquired | Total Checkouts | Total Renewals | Full call number | Barcode | Date last seen | Date last checked out | Price effective from | Koha item type |
|---|---|---|---|---|---|---|---|---|---|---|---|---|---|---|---|---|
| Local Classification | Research & Theses collection | National Assembly Library of Thailand | National Assembly Library of Thailand | 02/04/2018 | 2 | 2 | ว KP 96 พ997น 2560 | 3961207805 | 07/08/2025 | 23/07/2025 | 02/04/2018 | Research/Thesis |
